Algebra superior
Zapisane w:
| 1. autor: | |
|---|---|
| Kolejni autorzy: | |
| Format: | Książka |
| Język: | Spanish |
| Wydane: |
México, D.F : UTEHA
1961
|
| Hasła przedmiotowe: | |
| Etykiety: |
Dodaj etykietę
Nie ma etykietki, Dołącz pierwszą etykiete!
|
MARC
| LEADER | 00000nam a2200000Ia 4500 | ||
|---|---|---|---|
| 003 | 003393 | ||
| 005 | 20221231144007.0 | ||
| 008 | 140114s1961 mx a 000 ||spa d | ||
| 040 | |c cru CEDI | ||
| 082 | |a 512.9 A333a | ||
| 100 | |a Albert,Abraham Adrian, 1905-1972 |9 21893 | ||
| 245 | |a Algebra superior | ||
| 260 | |a México, D.F : UTEHA |c 1961 | ||
| 300 | |a xiv,319 páginas :ilustraciones | ||
| 500 | |a Traducido de la obra publicada originalmente en inglés bajo el título College Algebra | ||
| 650 | |x ALGEBRA |9 21895 | ||
| 700 | |9 21894 |a Lluis Franquesa, Esteban |d Traductor | ||
| 942 | |2 ddc |c BK | ||
| 999 | |c 15332 |d 15332 | ||
